<?xml version="1.0" encoding="UTF-8"?><?xml-stylesheet type="text/xsl" href="static/style.xsl"?><OAI-PMH xmlns="http://www.openarchives.org/OAI/2.0/" xmlns:xsi="http://www.w3.org/2001/XMLSchema-instance" xsi:schemaLocation="http://www.openarchives.org/OAI/2.0/ http://www.openarchives.org/OAI/2.0/OAI-PMH.xsd"><responseDate>2026-04-17T07:37:24Z</responseDate><request verb="GetRecord" identifier="oai:www.recercat.cat:10459.1/58906" metadataPrefix="marc">https://recercat.cat/oai/request</request><GetRecord><record><header><identifier>oai:recercat.cat:10459.1/58906</identifier><datestamp>2024-12-05T22:49:00Z</datestamp><setSpec>com_2072_3622</setSpec><setSpec>col_2072_479130</setSpec></header><metadata><record xmlns="http://www.loc.gov/MARC21/slim" xmlns:dcterms="http://purl.org/dc/terms/" xmlns:xsi="http://www.w3.org/2001/XMLSchema-instance" xmlns:doc="http://www.lyncode.com/xoai" xsi:schemaLocation="http://www.loc.gov/MARC21/slim http://www.loc.gov/standards/marcxml/schema/MARC21slim.xsd">
   <leader>00925njm 22002777a 4500</leader>
   <datafield ind2=" " ind1=" " tag="042">
      <subfield code="a">dc</subfield>
   </datafield>
   <datafield ind2=" " ind1=" " tag="720">
      <subfield code="a">Olcott, Don</subfield>
      <subfield code="e">author</subfield>
   </datafield>
   <datafield ind2=" " ind1=" " tag="720">
      <subfield code="a">Carrera, Xavier</subfield>
      <subfield code="e">author</subfield>
   </datafield>
   <datafield ind2=" " ind1=" " tag="720">
      <subfield code="a">Gallardo Echenique, Eliana Esther</subfield>
      <subfield code="e">author</subfield>
   </datafield>
   <datafield ind2=" " ind1=" " tag="720">
      <subfield code="a">González Martínez, Juan</subfield>
      <subfield code="e">author</subfield>
   </datafield>
   <datafield ind2=" " ind1=" " tag="260">
      <subfield code="c">2016-12-22T12:53:42Z</subfield>
   </datafield>
   <datafield ind2=" " ind1=" " tag="260">
      <subfield code="c">2016-12-22T12:53:42Z</subfield>
   </datafield>
   <datafield ind2=" " ind1=" " tag="260">
      <subfield code="c">2015</subfield>
   </datafield>
   <datafield ind2=" " ind1=" " tag="520">
      <subfield code="a">The purpose of this paper is to provide a global analysis and a synthesis of emerging ethical issues, situations, and&#xd;
questions that face educators using digital technologies. The authors offer a conceptual framework centered on&#xd;
the Ethical Context Continuum (ECC) that integrates how society, culture, values, and technology are perceived by&#xd;
people and create ethical choices that consider the potential harm, benefits or both to individuals and groups. A&#xd;
summary of emerging ethical issue areas is discussed and recommendations are offered for adapting global best&#xd;
practices and lessons learned at the local level in Catalonia. The authors conclude that the range and complexity&#xd;
of potential ethical issues relevant to the use of digital technologies will expand in the future. The development of&#xd;
a comprehensive Code of Ethics for the Use of Digital Technologies is strongly recommended across all societal&#xd;
sectors in Catalonia. These proposals and other recommendations can also be applied in other local and national&#xd;
contexts.</subfield>
   </datafield>
   <datafield ind2=" " ind1=" " tag="520">
      <subfield code="a">El propósito de este artículo es proporcionar un análisis global y una síntesis de las nuevas cuestiones y situaciones éticas&#xd;
a las que se enfrentan los educadores que utilizan tecnologías digitales. Se presentará un marco conceptual centrado en&#xd;
el contexto ético continuo (CEC), que integra cómo se perciben la sociedad, la cultura, los valores y la tecnología y cómo&#xd;
se crean opciones éticas teniendo en cuenta los daños y los beneficios potenciales tanto para las personas como para los&#xd;
grupos humanos. Se comentará una síntesis de las áreas temáticas éticas emergentes y se ofrecerán recomendaciones&#xd;
para la adaptación en Cataluña de las mejores prácticas y los principales hitos. Se concluirá afirmando que el alcance y&#xd;
la complejidad de los problemas éticos potenciales relacionados con el uso de las tecnologías digitales se ampliará en el&#xd;
futuro. El desarrollo de un código ético para el uso de las tecnologías digitales es muy recomendable en todos los sectores&#xd;
sociales de Cataluña. Esta y otras recomendaciones que se propondrán podrán aplicarse también a otros contextos locales&#xd;
y nacionales.</subfield>
   </datafield>
   <datafield ind1="8" ind2=" " tag="024">
      <subfield code="a">http://hdl.handle.net/10459.1/58906</subfield>
   </datafield>
   <datafield tag="653" ind2=" " ind1=" ">
      <subfield code="a">Ethics</subfield>
   </datafield>
   <datafield tag="653" ind2=" " ind1=" ">
      <subfield code="a">Technology</subfield>
   </datafield>
   <datafield tag="653" ind2=" " ind1=" ">
      <subfield code="a">Society</subfield>
   </datafield>
   <datafield tag="653" ind2=" " ind1=" ">
      <subfield code="a">Values</subfield>
   </datafield>
   <datafield tag="653" ind2=" " ind1=" ">
      <subfield code="a">Valors</subfield>
   </datafield>
   <datafield tag="653" ind2=" " ind1=" ">
      <subfield code="a">Ètica</subfield>
   </datafield>
   <datafield tag="653" ind2=" " ind1=" ">
      <subfield code="a">Societat</subfield>
   </datafield>
   <datafield tag="653" ind2=" " ind1=" ">
      <subfield code="a">Tecnologia</subfield>
   </datafield>
   <datafield ind2="0" ind1="0" tag="245">
      <subfield code="a">Ethics and Education in the Digital Age: Global Perspectives and Strategies for Local Transformation in Catalonia</subfield>
   </datafield>
   <datafield ind2="0" ind1="0" tag="245">
      <subfield code="a">Ética y Educación en la era digital: perspectivas globales y estrategias para la transformación local en Cataluña</subfield>
   </datafield>
</record></metadata></record></GetRecord></OAI-PMH>